[Event "Tournament 14471 - Europe Echecs"]
[Site "Europe Echecs"]
[Date "2020.07.09"]
[Round "3"]
[Time "15:04:48"]
[PlyCount "59"]
[White "ValleeLouis"]
[Black "MichelDeletieO"]
[WhiteElo "1864"]
[BlackElo "1558"]
[Mode "WEB"]
[Result "0-1"]

1. d4 Nf6 2. c4 e5 3. dxe5 Ng4 4. Nf3 Nc6 5. Nc3 Bc5 6. e3 Ngxe5 7. Be2 O-O 8.
a3 a5 9. b3 Nxf3+ 10. Bxf3 Ne5 11. Be2 Ra6 12. O-O Qh4 13. e4 d5 14. Qxd5 Bd6
15. f4 Ng4 16. Bxg4 Bxg4 17. e5 Be7 18. h3 Rd8 19. Qe4 Bxh3 20. Qf3 Bxg2 21.
Qxg2 Rg6 22. Qxg6 fxg6 23. Ne4 Rd3 24. Ra2 Rh3 25. Kg2 Rh2+ 26. Kf3 Rxa2 27. Ng3
Qh2 28. Be3 Qg2+ 29. Kg4 h5# {ValleeLouis est échec et mat} 0-1

[Event "Tournament 14471 - Europe Echecs"]
[Site "Europe Echecs"]
[Date "2020.07.09"]
[Round "3"]
[Time "15:04:48"]
[PlyCount "95"]
[White "PousAntoine"]
[Black "GresserBaptist"]
[WhiteElo "1554"]
[BlackElo "1791"]
[Mode "WEB"]
[Result "0-1"]

1. d4 d5 2. c4 e6 3. Nc3 Nf6 4. Nf3 Be7 5. Bg5 O-O 6. e3 b6 7. cxd5 exd5 8. Bd3
Bb7 9. O-O Nbd7 10. Rc1 Ne4 11. Bxe7 Qxe7 12. Qb3 Ndf6 13. Ne5 c5 14. Bxe4 Nxe4
15. Nxd5 Qd6 16. Nf4 Nd2 17. Nc4 Nxb3 18. Nxd6 Nxc1 19. Nxb7 Nxa2 20. dxc5 Rab8
21. c6 Rfc8 22. Nd5 Kf8 23. Nd8 Ra8 24. c7 Rxd8 25. cxd8=Q+ Rxd8 26. Nf4 Rd2 27.
Rb1 Nb4 28. g3 g5 29. Nh5 Nd3 30. Nf6 Nxf2 31. Nxh7+ Kg7 32. Nxg5 Ng4 33. Nf3
Re2 34. e4 Rxe4 35. Ra1 a5 36. Re1 Rxe1+ 37. Nxe1 Ne3 38. Nd3 a4 39. Kf2 Nd1+
40. Ke2 Nxb2 41. Nxb2 a3 42. Kd2 a2 43. Kc2 a1=Q 44. Nd3 Qh1 45. h4 Qh2+ 46. Kc3
Qxg3 47. Kc4 Qxh4+ {PousAntoine a perdu au temps} 0-1

[Event "Tournament 14471 - Europe Echecs"]
[Site "Europe Echecs"]
[Date "2020.07.09"]
[Round "3"]
[Time "15:04:48"]
[PlyCount "145"]
[White "PerardJouaultE"]
[Black "DincovIoan"]
[WhiteElo "1791"]
[BlackElo "1549"]
[Mode "WEB"]
[Result "0-1"]

1. d4 e5 2. dxe5 Nc6 3. Nf3 Qe7 4. e3 Nxe5 5. Nbd2 b6 6. Nxe5 Qxe5 7. Nf3 Qa5+
8. Bd2 Bb4 9. Be2 Nf6 10. a3 Bxd2+ 11. Qxd2 Qxd2+ 12. Nxd2 Bb7 13. Bf3 Bxf3 14.
Nxf3 O-O 15. O-O Rfe8 16. Rfd1 Rad8 17. Rd4 c5 18. Rd3 d5 19. Rad1 Rd7 20. c4
Red8 21. cxd5 Rxd5 22. Rxd5 Rxd5 23. Rxd5 Nxd5 24. Kf1 Kf8 25. Ke2 Ke7 26. Kd3
Kd6 27. Kc4 a6 28. a4 Nf6 29. Ng5 Ke7 30. a5 h6 31. Nh3 Kd7 32. axb6 Kc6 33. b7
Nd7 34. Nf4 Ne5+ 35. Kc3 Kxb7 36. f3 Kc6 37. Nd3 Nd7 38. e4 Kb5 39. f4 c4 40.
Nf2 Nc5 41. e5 g6 42. h4 Ne6 43. g3 h5 44. Ne4 Nd8 45. Nd2 Nc6 46. Nxc4 Kc5 47.
Nd6 Nd4 48. Nxf7 Ne2+ 49. Kd3 Nxg3 50. Nh8 Kd5 51. Nxg6 Ke6 52. Ke3 Kf7 53. f5
Nxf5+ 54. Ke4 Kxg6 55. e6 Kf6 56. b4 Nxh4 57. Kd5 Nf5 58. Kc6 Kxe6 59. Kb6 h4
60. Kxa6 h3 61. b5 h2 62. b6 Nd6 63. b7 Nxb7 64. Kxb7 h1=Q+ 65. Kc7 Qd5 66. Kb6
Kd6 67. Ka7 Qc4 68. Kb6 Qc5+ 69. Kb7 Qc6+ 70. Ka7 Qb5 71. Ka8 Kc7 72. Ka7 Qb7# {PerardJouaultE est échec et mat} 0-1

[Event "Tournament 14471 - Europe Echecs"]
[Site "Europe Echecs"]
[Date "2020.07.09"]
[Round "3"]
[Time "15:04:48"]
[PlyCount "39"]
[White "TaharountIlyan"]
[Black "TrevisiolAntoi"]
[WhiteElo "1547"]
[BlackElo "1788"]
[Mode "WEB"]
[Result "0-1"]

1. e4 e6 2. d3 d5 3. Nd2 g6 4. g3 Bg7 5. Bg2 Ne7 6. Ngf3 c5 7. O-O Nbc6 8. Re1
O-O 9. Nf1 dxe4 10. Rxe4 b6 11. Bf4 Bb7 12. Re1 Bxb2 13. Rb1 Bg7 14. Ne5 Nd5 15.
Bxd5 Qxd5 16. Ne3 Qd8 17. N3c4 Nxe5 18. Nxe5 Qd5 19. a3 Qg2# {TaharountIlyan est échec et mat} 0-1

[Event "Tournament 14471 - Europe Echecs"]
[Site "Europe Echecs"]
[Date "2020.07.09"]
[Round "3"]
[Time "15:04:48"]
[PlyCount "53"]
[White "GrondinMarine"]
[Black "TulliezAndre"]
[WhiteElo "1533"]
[BlackElo "1777"]
[Mode "WEB"]
[Result "0-1"]

1. e4 c5 2. Nf3 d6 3. c3 Nf6 4. e5 Nd5 5. d4 cxd4 6. cxd4 Nc6 7. Nc3 dxe5 8.
dxe5 Ndb4 9. a3 Qxd1+ 10. Kxd1 Na6 11. Be3 Bg4 12. Be2 Rd8+ 13. Ke1 Nc7 14. Bf4
Ne6 15. Bg3 g6 16. h3 Bxf3 17. Bxf3 Ncd4 18. Bxb7 Nc2+ 19. Ke2 Ned4+ 20. Kf1
Nxa1 21. Nb5 Rb8 22. Nxd4 Rxb7 23. b4 Rd7 24. Nf3 Rd1+ 25. Ne1 Nc2 26. f3 Bh6 {GrondinMarine a perdu au temps} 0-1

[Event "Tournament 14471 - Europe Echecs"]
[Site "Europe Echecs"]
[Date "2020.07.09"]
[Round "3"]
[Time "15:04:48"]
[PlyCount "67"]
[White "DelestreAnatol"]
[Black "NajaryanArtur"]
[WhiteElo "1768"]
[BlackElo "1526"]
[Mode "WEB"]
[Result "0-1"]

1. d4 Nf6 2. Nc3 e6 3. e4 d5 4. e5 Nfd7 5. f4 c5 6. Nf3 Nc6 7. Be3 Be7 8. dxc5
Nxc5 9. Qd2 O-O 10. Qf2 b6 11. Bb5 Bb7 12. Bxc6 Bxc6 13. Nd4 Bb7 14. O-O Rc8 15.
Kh1 Bh4 16. g3 Be7 17. g4 f6 18. Qg2 fxe5 19. fxe5 Qc7 20. Bf4 Rxf4 21. Rxf4
Qxe5 22. Qg3 Bd6 23. Rff1 Qxd4 24. Qxd6 Qe3 25. Qe7 d4+ 26. Qxb7 Nxb7 27. Rae1
Qh3 28. Ne4 Rxc2 29. Nf2 Qf3+ 30. Kg1 Nc5 31. h3 Nd3 32. Rxe6 Rxf2 33. Re8+ Kf7 {DelestreAnatol a abandonné} 0-1

[Event "Tournament 14471 - Europe Echecs"]
[Site "Europe Echecs"]
[Date "2020.07.09"]
[Round "3"]
[Time "15:04:48"]
[PlyCount "33"]
[White "KienLancelot"]
[Black "GardeGuillaume"]
[WhiteElo "1528"]
[BlackElo "1716"]
[Mode "WEB"]
[Result "0-1"]

1. e4 e6 2. d4 d5 3. e5 c5 4. c3 Nc6 5. Nf3 Bd7 6. Be2 Nge7 7. Nbd2 Nf5 8. Nb3
cxd4 9. cxd4 Qb6 10. Be3 Bb4+ 11. Bd2 Nfxd4 12. Nfxd4 Nxd4 13. Bxb4 Qxb4+ 14.
Qd2 Nc2+ 15. Kd1 Qxd2+ 16. Kxd2 Nxa1 {KienLancelot a abandonné} 0-1

[Event "Tournament 14471 - Europe Echecs"]
[Site "Europe Echecs"]
[Date "2020.07.09"]
[Round "3"]
[Time "15:04:48"]
[PlyCount "74"]
[White "GuliyevTofig"]
[Black "FondratJohan"]
[WhiteElo "1699"]
[BlackElo "1509"]
[Mode "WEB"]
[Result "1-0"]

1. d4 d5 2. c4 c6 3. cxd5 cxd5 4. Nc3 Nc6 5. Nf3 Nf6 6. Bg5 e6 7. e3 a6 8. Bd3
h6 9. Bh4 Bd6 10. O-O O-O 11. Qe2 b5 12. a3 Bb7 13. Rac1 Na5 14. e4 dxe4 15.
Nxe4 Be7 16. Rc2 Nb3 17. Rd1 Nxe4 18. Bxe7 Qxe7 19. Bxe4 Rfd8 20. Rc3 Na5 21.
Ne5 f6 22. Ng6 Qf7 23. Nh4 Bxe4 24. Qxe4 Nc4 25. Qe2 Rd5 26. h3 Rad8 27. Nf3 e5
28. Rcd3 e4 29. Qxe4 Nxb2 30. Rc1 Re8 31. Ne5 Rexe5 32. dxe5 Rxd3 33. Rc8+ Qf8
34. Rxf8+ Kxf8 35. Qe2 Rd1+ 36. Kh2 Rb1 37. Qc2 {FondratJohan a abandonné} 1-0

[Event "Tournament 14471 - Europe Echecs"]
[Site "Europe Echecs"]
[Date "2020.07.09"]
[Round "3"]
[Time "15:04:48"]
[PlyCount "36"]
[White "DaudeAlexandre"]
[Black "LaouamriSamy"]
[WhiteElo "1518"]
[BlackElo "1669"]
[Mode "WEB"]
[Result "1-0"]

1. e4 e5 2. Bc4 Nf6 3. d4 exd4 4. Nf3 Nxe4 5. Qxd4 Nd6 6. O-O Nxc4 7. Re1+ Be7
8. Qxg7 Rf8 9. Bg5 Nc6 10. Bh6 d6 11. Qxf8+ Kd7 12. Qxf7 N4e5 13. Nxe5+ Nxe5 14.
Qf5+ Kc6 15. Qe4+ Kb6 16. Be3+ c5 17. Nc3 Qg8 18. Nd5+ {LaouamriSamy a abandonné} 1-0

[Event "Tournament 14471 - Europe Echecs"]
[Site "Europe Echecs"]
[Date "2020.07.09"]
[Round "3"]
[Time "15:04:48"]
[PlyCount "88"]
[White "MaziarzPierre"]
[Black "BerezovskyFior"]
[WhiteElo "1424"]
[BlackElo "1646"]
[Mode "WEB"]
[Result "1-0"]

1. d4 Nf6 2. c4 e6 3. g3 Bb4+ 4. Bd2 Bxd2+ 5. Qxd2 O-O 6. Bg2 c6 7. Nf3 d5 8.
O-O Ne4 9. Qc2 Na6 10. Nbd2 f5 11. Nb3 Nb4 12. Qc1 a5 13. a3 Na6 14. Qc2 a4 15.
Nc1 b5 16. c5 g5 17. Nd3 Bb7 18. Nfe5 Nb8 19. Nb4 Nd7 20. Nbxc6 Bxc6 21. Nxc6
Qc7 22. Nb4 e5 23. Nxd5 Qa5 24. Bxe4 fxe4 25. Qxe4 Nf6 26. Qxe5 Nxd5 27. Qxd5+
Kh8 28. Qe5+ Kg8 29. Qxg5+ Kh8 30. Rfd1 Qa6 31. d5 Rg8 32. Qe5+ Rg7 33. d6 Kg8
34. d7 Rxd7 35. Rxd7 Qg6 36. Qd5+ Kh8 37. Qxa8+ Qg8 38. Rd8 Qxd8 39. Qxd8+ Kg7
40. Rd1 Kg6 41. Rd5 Kh6 42. Qb6+ Kg7 43. Rd7+ Kf8 44. Qb8# {BerezovskyFior est échec et mat} 1-0

[Event "Tournament 14471 - Europe Echecs"]
[Site "Europe Echecs"]
[Date "2020.07.09"]
[Round "3"]
[Time "15:04:48"]
[PlyCount "99"]
[White "DruonThibault"]
[Black "DavtianArmen"]
[WhiteElo "1644"]
[BlackElo "1413"]
[Mode "WEB"]
[Result "0-1"]

1. d4 d5 2. c4 e6 3. Nc3 Nf6 4. cxd5 exd5 5. Bg5 Be7 6. e3 Be6 7. Qb3 b6 8. Bb5+
c6 9. Bd3 h6 10. Bf4 Bd6 11. Bxd6 Qxd6 12. Nf3 Nbd7 13. O-O O-O 14. Rac1 c5 15.
Qa3 a6 16. Na4 Rfc8 17. Nd2 Qf8 18. dxc5 bxc5 19. Rfd1 c4 20. Qxf8+ Rxf8 21. Be2
Rab8 22. Nf3 Rb4 23. b3 cxb3 24. axb3 Rxb3 25. Nc3 Rb6 26. Ra1 Nc5 27. Na4 Nxa4
28. Rxa4 Ra8 29. Rda1 Bc8 30. Nd4 Bb7 31. Bf3 Nd7 32. Ra5 Nf6 33. g3 g6 34. Kg2
Ne4 35. Ne2 Rc8 36. Nf4 Rc2 37. R1a2 Rbb2 38. Rxb2 Rxb2 39. Bxe4 dxe4 40. Rc5
Kg7 41. Rc7 a5 42. Ne6+ Kf6 43. Nd8 Bd5 44. Rd7 Be6 45. Ra7 Ra2 46. Nc6 Bg4 47.
Rxa5 Bf3+ 48. Kf1 Rc2 49. Ra1 Rxc6 {DruonThibault a abandonné} 0-1

[Event "Tournament 14471 - Europe Echecs"]
[Site "Europe Echecs"]
[Date "2020.07.09"]
[Round "3"]
[Time "15:04:48"]
[PlyCount "73"]
[White "BelghoulMeyer"]
[Black "MareauTimothe"]
[WhiteElo "1371"]
[BlackElo "1642"]
[Mode "WEB"]
[Result "0-1"]

1. e4 e6 2. d4 d5 3. e5 c5 4. c3 Nc6 5. Nf3 Qb6 6. Be2 Nge7 7. dxc5 Qxc5 8. Be3
Qa5 9. b4 Qc7 10. O-O Ng6 11. Bb5 Bd7 12. Bxc6 bxc6 13. Bd4 Be7 14. h4 Nxh4 15.
Nxh4 Bxh4 16. Qg4 Be7 17. Qxg7 O-O-O 18. Qxf7 Bg5 19. Qf3 Rdg8 20. Qe2 Bf4 21.
a4 Rg5 22. b5 c5 23. Be3 Qxe5 24. Qf3 Bxe3 25. Qxe3 Qxe3 26. fxe3 Rg3 27. Rf3
Rhg8 28. Rxg3 Rxg3 29. Kf2 Rg5 30. Nd2 Be8 31. Rh1 h5 32. Nf3 Rg4 33. Ne5 Rxa4
34. Kf3 Ra2 35. Rh2 Bxb5 36. Rxh5 Be2+ {BelghoulMeyer a abandonné} 0-1

[Event "Tournament 14471 - Europe Echecs"]
[Site "Europe Echecs"]
[Date "2020.07.09"]
[Round "3"]
[Time "15:04:48"]
[PlyCount "93"]
[White "ChouvaevKominD"]
[Black "BerthouJules"]
[WhiteElo "1637"]
[BlackElo "1390"]
[Mode "WEB"]
[Result "1/2-1/2"]

1. e4 e5 2. Nf3 Nc6 3. Bb5 a6 4. Ba4 Nf6 5. O-O b5 6. Bb3 Bc5 7. Re1 d6 8. h3
O-O 9. c3 Bb7 10. Bc2 Qe7 11. d4 Bb6 12. Bg5 h6 13. Bh4 g5 14. Bg3 Kh8 15. d5
Na5 16. Nbd2 Bc8 17. b4 Nb7 18. Nh2 Rg8 19. Ndf1 g4 20. h4 h5 21. Ne3 Bd7 22.
Qd2 a5 23. a3 c5 24. Nf5 Bxf5 25. exf5 Qf8 26. Bd3 c4 27. Bc2 Re8 28. Be4 a4 29.
Rad1 Rd8 30. Qc2 Qg7 31. Nf1 Ne8 32. Ne3 f6 33. Qe2 Rc8 34. Nf1 Qh7 35. Bh2 Ng7
36. Ng3 Ne8 37. Bc2 Ng7 38. Qd2 Ne8 39. Qc1 Ng7 40. Qb1 Ne8 41. Rf1 Ng7 42. Kh1
Ne8 43. Ne4 Nd8 44. Ng3 Nb7 45. Bg1 Nd8 46. Bh2 Nb7 {Nulle par répétition} 1/2-1/2

[Event "Tournament 14471 - Europe Echecs"]
[Site "Europe Echecs"]
[Date "2020.07.09"]
[Round "3"]
[Time "15:04:48"]
[PlyCount "56"]
[White "SchippkeManon"]
[Black "BassingCassand"]
[WhiteElo "1873"]
[BlackElo "1191"]
[Mode "WEB"]
[Result "1-0"]

1. e4 e5 2. Nf3 Nc6 3. Bb5 a6 4. Ba4 d6 5. c3 Bg4 6. h3 Bh5 7. d3 Be7 8. O-O Nf6
9. Nbd2 O-O 10. Qe1 h6 11. Bc2 Nh7 12. Nh2 Ng5 13. f4 exf4 14. Ndf3 Ne5 15. Bxf4
Bf6 16. Nxg5 Bxg5 17. Bxg5 hxg5 18. d4 Ng6 19. Nf3 Qd7 20. Nxg5 d5 21. exd5 Qxd5
22. Nxf7 Rae8 23. Qg3 Qb5 24. Bxg6 Bxg6 25. Qxg6 Qd5 26. Nh6+ Kh8 27. Nf5 Qe4
28. Qxg7# {BassingCassand est échec et mat} 1-0

[Event "Tournament 14471 - Europe Echecs"]
[Site "Europe Echecs"]
[Date "2020.07.09"]
[Round "3"]
[Time "15:04:48"]
[PlyCount "38"]
[White "DelGiovaneFabi"]
[Black "MeyssirelTom"]
[WhiteElo "1629"]
[BlackElo "1333"]
[Mode "WEB"]
[Result "1-0"]

1. e4 e5 2. Nf3 Nc6 3. d4 exd4 4. Nxd4 Bc5 5. Nxc6 Qf6 6. Qf3 Qxc6 7. Nc3 a6 8.
Bd3 d6 9. O-O Nf6 10. Nd5 Nxd5 11. exd5 Qb6 12. Re1+ Kf8 13. Be3 Bxe3 14. Rxe3
f6 15. Rae1 Bd7 16. Qh5 c6 17. Re7 g6 18. Qh6+ Kg8 19. Qg7# {MeyssirelTom est échec et mat} 1-0

[Event "Tournament 14471 - Europe Echecs"]
[Site "Europe Echecs"]
[Date "2020.07.09"]
[Round "3"]
[Time "15:04:48"]
[PlyCount "140"]
[White "MaisonhauteLel"]
[Black "BaderAntoine"]
[WhiteElo "1603"]
[BlackElo "1330"]
[Mode "WEB"]
[Result "1-0"]

1. e4 e5 2. Nf3 Nc6 3. Bc4 Bc5 4. c3 Nf6 5. d3 O-O 6. O-O Re8 7. b4 Bb6 8. a4 a6
9. a5 Ba7 10. Qb3 Rf8 11. Ng5 Qe7 12. Kh1 h6 13. Nh3 d6 14. Ng1 Be6 15. Nd2 Bxc4
16. Nxc4 Ng4 17. Nh3 Qh4 18. f4 Nf2+ 19. Nxf2 Bxf2 20. f5 Bg3 21. h3 Bf4 22.
Bxf4 exf4 23. Rf3 Ne5 24. Nxe5 dxe5 25. Qd5 Qf6 26. Qxb7 c6 27. Qb6 g6 28. fxg6
fxg6 29. Raf1 Qd6 30. Qf2 Rf7 31. Qh4 Kg7 32. g3 g5 33. Qh5 Qg6 34. Qxg6+ Kxg6
35. gxf4 Rxf4 36. Kg2 Raf8 37. Kg3 h5 38. Rxf4 Rxf4 39. Rf3 Rxf3+ 40. Kxf3 Kf6
41. d4 Ke6 42. Kg3 Kf6 43. d5 cxd5 44. exd5 Ke7 45. c4 Kd6 46. Kf3 Kc7 47. Ke4
Kd7 48. Kxe5 g4 49. hxg4 hxg4 50. Kf4 g3 51. Kxg3 Kd6 52. Kf4 Kc7 53. c5 Kd7 54.
Ke5 Kc7 55. Ke6 Kd8 56. d6 Ke8 57. c6 Kd8 58. d7 Kc7 59. Ke7 Kxc6 60. d8=Q Kb5
61. Qb6+ Kc4 62. Qxa6+ Kb3 63. Qe6+ Kxb4 64. a6 Kb5 65. a7 Kc5 66. a8=Q Kd4 67.
Qad5+ Kc3 68. Qec6+ Kb4 69. Qdb5+ Ka3 70. Qca6# {BaderAntoine est échec et mat} 1-0

[Event "Tournament 14471 - Europe Echecs"]
[Site "Europe Echecs"]
[Date "2020.07.09"]
[Round "3"]
[Time "15:04:48"]
[PlyCount "51"]
[White "MoellerJoshua"]
[Black "MateriaMatteo"]
[WhiteElo "1486"]
[BlackElo "1595"]
[Mode "WEB"]
[Result "0-1"]

1. d4 d5 2. c4 e6 3. Nc3 Nf6 4. cxd5 exd5 5. Bg5 c6 6. e3 Be7 7. Qc2 Nbd7 8. Bd3
Nh5 9. Bxe7 Qxe7 10. Nf3 Nf4 11. O-O Nxd3 12. Qxd3 O-O 13. Ne2 Nf6 14. Ng3 Ne4
15. Nd2 Nxg3 16. hxg3 Qf6 17. Rab1 Bf5 18. e4 dxe4 19. Nxe4 Qg6 20. f3 Rfe8 21.
Rfe1 Re6 22. Kf2 Rae8 23. Qb3 Bxe4 24. fxe4 Rxe4 25. Qxb7 Qf5+ {MoellerJoshua a abandonné} 0-1

[Event "Tournament 14471 - Europe Echecs"]
[Site "Europe Echecs"]
[Date "2020.07.09"]
[Round "3"]
[Time "15:04:48"]
[PlyCount "35"]
[White "GheorghinFelix"]
[Black "ThibousLeo"]
[WhiteElo "1310"]
[BlackElo "1380"]
[Mode "WEB"]
[Result "0-1"]

1. e4 Nf6 2. Nc3 d5 3. exd5 Nxd5 4. Nxd5 Qxd5 5. Nf3 Nc6 6. d4 g6 7. Be3 Bg7 8.
c3 O-O 9. Qd2 Rd8 10. Bh6 e5 11. Bxg7 Kxg7 12. Qg5 h6 13. Qe3 exd4 14. cxd4 Nxd4
15. Qc3 Kg8 16. Nxd4 Qxd4 17. Qxc7 Qd2# {GheorghinFelix est échec et mat} 0-1

[Event "Tournament 14471 - Europe Echecs"]
[Site "Europe Echecs"]
[Date "2020.07.09"]
[Round "3"]
[Time "15:04:48"]
[PlyCount "58"]
[White "BrehautCarl"]
[Black "DelmasRaphael"]
[WhiteElo "1960"]
[BlackElo "1325"]
[Mode "WEB"]
[Result "1-0"]

1. d4 d5 2. c4 e6 3. Nf3 h6 4. Nc3 Bb4 5. e3 Nf6 6. Qc2 O-O 7. Bd3 Nc6 8. O-O
Bd7 9. Bd2 Bxc3 10. Bxc3 Qe7 11. c5 a6 12. b4 Na7 13. a4 c6 14. Rae1 Rfd8 15.
Nd2 Rac8 16. f4 Be8 17. e4 dxe4 18. Nxe4 Nxe4 19. Bxe4 Qc7 20. f5 exf5 21. Bxf5
Bd7 22. Bh7+ Kf8 23. Rxf7+ Kxf7 24. Qg6+ Kf8 25. Rf1+ Bf5 26. Rxf5+ Ke7 27. Rf7+
Ke8 28. Rxc7+ Kf8 29. Qf7# {DelmasRaphael est échec et mat} 1-0

[Event "Tournament 14471 - Europe Echecs"]
[Site "Europe Echecs"]
[Date "2020.07.09"]
[Round "3"]
[Time "15:04:48"]
[PlyCount "40"]
[White "LecciaThomas"]
[Black "ThibousMathis"]
[WhiteElo "1893"]
[BlackElo "1313"]
[Mode "WEB"]
[Result "1-0"]

1. e4 c5 2. Nf3 a6 3. d4 cxd4 4. Qxd4 Nc6 5. Qe3 e6 6. c4 g6 7. Be2 Bg7 8. O-O
Nge7 9. Rd1 O-O 10. Nc3 Qc7 11. b3 b6 12. Bb2 Bb7 13. Rac1 Rad8 14. Ba3 Rfe8 15.
Bd6 Qc8 16. Qxb6 f5 17. Bc7 d5 18. Bxd8 Rxd8 19. exd5 Bxc3 20. dxc6 {ThibousMathis a abandonné} 1-0

[Event "Tournament 14471 - Europe Echecs"]
[Site "Europe Echecs"]
[Date "2020.07.09"]
[Round "3"]
[Time "15:04:48"]
[PlyCount "32"]
[White "ZaninClement"]
[Black "DimeyGabertQue"]
[WhiteElo "1327"]
[BlackElo "1758"]
[Mode "WEB"]
[Result "1-0"]

1. e4 c5 2. Nc3 Nc6 3. Bc4 g6 4. f4 Bg7 5. Nf3 e6 6. f5 Nge7 7. d3 O-O 8. O-O
exf5 9. Qe1 fxe4 10. dxe4 Nb4 11. Qh4 Nec6 12. Bg5 Qc7 13. Bh6 Nd4 14. Ng5 Qe5
15. Nxf7 d5 16. Nxe5 {DimeyGabertQue a abandonné} 1-0

[Event "Tournament 14471 - Europe Echecs"]
[Site "Europe Echecs"]
[Date "2020.07.09"]
[Round "3"]
[Time "15:04:48"]
[PlyCount "106"]
[White "VuDinhAdrien"]
[Black "GalimovAskar"]
[WhiteElo "1740"]
[BlackElo "1278"]
[Mode "WEB"]
[Result "1-0"]

1. e4 e5 2. Nf3 Nc6 3. Bc4 Bc5 4. O-O Nf6 5. d4 exd4 6. e5 d5 7. exf6 dxc4 8.
Re1+ Be6 9. Ng5 Qxf6 10. Nxe6 fxe6 11. Qh5+ g6 12. Qxc5 Rf8 13. f4 g5 14. Qxg5
Qf7 15. Qg4 O-O-O 16. Qxe6+ Kb8 17. Qxf7 Rxf7 18. Na3 d3 19. Nxc4 dxc2 20. Na3
Rd1 21. Nxc2 Rxe1+ 22. Nxe1 Nd4 23. Be3 Ne2+ 24. Kf2 Nxf4 25. Bxf4 Rxf4+ 26. Kg3
Rb4 27. Rd1 c5 28. b3 Re4 29. Nf3 Re2 30. Rd7 Rxa2 31. Rxh7 Ra3 32. h4 Rxb3 33.
Re7 c4 34. Re1 Rb4 35. h5 Rb6 36. Ne5 c3 37. Nd7+ Kc7 38. Nxb6 Kxb6 39. h6 c2
40. h7 a5 41. Rc1 a4 42. h8=Q a3 43. Rxc2 Ka6 44. Ra2 b6 45. Rxa3+ Kb5 46. Qd4
Kc6 47. Rc3+ Kb7 48. Qc4 Ka7 49. Qc8 b5 50. Rc7+ Kb6 51. Kf3 b4 52. Rb7+ Ka5 53.
Qa8# {GalimovAskar est échec et mat} 1-0

[Event "Tournament 14471 - Europe Echecs"]
[Site "Europe Echecs"]
[Date "2020.07.09"]
[Round "3"]
[Time "15:04:48"]
[PlyCount "88"]
[White "MoraisThomas"]
[Black "BourdelClement"]
[WhiteElo "1710"]
[BlackElo "1308"]
[Mode "WEB"]
[Result "1-0"]

1. e4 c5 2. Nf3 g6 3. d3 Bg7 4. Nbd2 Nf6 5. g3 O-O 6. Bg2 d6 7. O-O Nc6 8. Re1
Bg4 9. h3 Qc7 10. hxg4 Nxg4 11. Nf1 a6 12. Ne3 Nxe3 13. Rxe3 Rae8 14. c3 b5 15.
Re2 e6 16. Bg5 f6 17. Be3 e5 18. Qd2 Rd8 19. Bh6 Qb6 20. Bh3 Rfe8 21. Bxg7 Kxg7
22. Kg2 Qb7 23. Rh1 Rh8 24. Nh2 f5 25. Qg5 Ne7 26. Kg1 h6 27. Qe3 fxe4 28. dxe4
Rdf8 29. Rd2 Qc7 30. Be6 Rf6 31. Bd5 Nxd5 32. Rxd5 g5 33. Ng4 Rg6 34. Qd2 Rd8
35. Nxe5 Rf6 36. Ng4 Rg6 37. Rxh6 Rxh6 38. Nxh6 Kxh6 39. Qxg5+ Kh7 40. Qh5+ Kg8
41. Rg5+ Kf8 42. Qh6+ Ke8 43. Qe6+ Kf8 44. Rg8# {BourdelClement est échec et mat} 1-0

[Event "Tournament 14471 - Europe Echecs"]
[Site "Europe Echecs"]
[Date "2020.07.09"]
[Round "3"]
[Time "15:04:48"]
[PlyCount "51"]
[White "BrunEmilie"]
[Black "DameAxel"]
[WhiteElo "1320"]
[BlackElo "1709"]
[Mode "WEB"]
[Result "0-1"]

1. Nf3 Nf6 2. c4 g6 3. b3 Bg7 4. Bb2 O-O 5. g3 d6 6. d4 Nbd7 7. Bg2 c5 8. e3 Rb8
9. Nc3 a6 10. a4 b6 11. O-O Bb7 12. Rb1 Ne4 13. Nxe4 Bxe4 14. Rc1 b5 15. axb5
axb5 16. Ba1 bxc4 17. bxc4 Nb6 18. Nd2 Bxg2 19. Kxg2 Qc7 20. Ne4 Qb7 21. Qf3
Rfc8 22. Kg1 cxd4 23. exd4 Nxc4 24. Rfe1 Qa7 25. Ng5 Bf6 {BrunEmilie a perdu au temps} 0-1

[Event "Tournament 14471 - Europe Echecs"]
[Site "Europe Echecs"]
[Date "2020.07.09"]
[Round "3"]
[Time "15:04:48"]
[PlyCount "68"]
[White "ChaumetEtienne"]
[Black "BoyerJohnLucas"]
[WhiteElo "1639"]
[BlackElo "1266"]
[Mode "WEB"]
[Result "1-0"]

1. e4 e5 2. Nf3 Nc6 3. Bc4 Bc5 4. c3 Nf6 5. d3 O-O 6. O-O d6 7. a4 a6 8. Bb3 Na5
9. Bc2 h6 10. b4 Nc6 11. bxc5 dxc5 12. h3 b6 13. Re1 a5 14. Nbd2 Be6 15. Nf1 Qd7
16. Ng3 Ne7 17. Nxe5 Qd6 18. Nf3 Nc6 19. e5 Qe7 20. exf6 Qxf6 21. Bb2 c4 22. d4
Ne7 23. Ne4 Qf5 24. Neg5 Qf6 25. Bc1 hxg5 26. Bxg5 Qg6 27. Bxg6 fxg6 28. Bxe7
Rfe8 29. Rxe6 Kf7 30. Ng5+ Kg8 31. Qg4 Rxe7 32. Rxe7 Kf8 33. Qe6 Re8 34. Nh7# {BoyerJohnLucas est échec et mat} 1-0

[Event "Tournament 14471 - Europe Echecs"]
[Site "Europe Echecs"]
[Date "2020.07.09"]
[Round "3"]
[Time "15:04:48"]
[PlyCount "81"]
[White "CostaSavelliTh"]
[Black "BousmahaLeila"]
[WhiteElo "1315"]
[BlackElo "1638"]
[Mode "WEB"]
[Result "0-1"]

1. e4 e5 2. Nf3 Nc6 3. Bc4 Nf6 4. Ng5 d5 5. exd5 Na5 6. Bb5+ c6 7. dxc6 bxc6 8.
Be2 h6 9. Nf3 e4 10. Ne5 Qd4 11. Ng4 Nxg4 12. Bxg4 e3 13. fxe3 Qxg4 14. Qxg4
Bxg4 15. O-O Bd6 16. d3 O-O 17. Bd2 Nb7 18. Nc3 Rfe8 19. Rae1 Rab8 20. Ne4 Bf8
21. Bc3 f5 22. Ng3 Nd6 23. h3 Bh5 24. Nxh5 Nb5 25. e4 fxe4 26. Rxe4 Rxe4 27.
dxe4 Re8 28. Ng3 Nxc3 29. bxc3 Bd6 30. Nf5 Bc5+ 31. Kh1 Rxe4 32. Rd1 Re2 33.
Rd8+ Kh7 34. Rd7 Rf2 35. Nxg7 Kg6 36. Ne6 Be3 37. Rd6 Kf7 38. Nd4 Rf1+ 39. Kh2
Bf4+ 40. g3 Bxd6 {CostaSavelliTh a abandonné} 0-1

[Event "Tournament 14471 - Europe Echecs"]
[Site "Europe Echecs"]
[Date "2020.07.09"]
[Round "3"]
[Time "15:04:48"]
[PlyCount "56"]
[White "MenouxJoachim"]
[Black "DarrortNahia"]
[WhiteElo "1627"]
[BlackElo "1263"]
[Mode "WEB"]
[Result "1-0"]

1. d4 d5 2. c4 e6 3. Nc3 Nf6 4. Bg5 Nbd7 5. Nf3 c6 6. e3 Be7 7. Qc2 h6 8. Bf4 c5
9. cxd5 exd5 10. dxc5 Nxc5 11. Be2 Ne6 12. Bg3 d4 13. exd4 Nxd4 14. Qa4+ Nc6 15.
O-O O-O 16. Rfd1 Qb6 17. Qc2 Be6 18. a3 Rad8 19. b4 a6 20. h3 Rfe8 21. Bf1 Rd7
22. Rxd7 Bxd7 23. Rd1 Rd8 24. Bc4 Be8 25. Re1 Bd6 26. Bxd6 Rxd6 27. Nd5 Nxd5 28.
Rxe8# {DarrortNahia est échec et mat} 1-0

[Event "Tournament 14471 - Europe Echecs"]
[Site "Europe Echecs"]
[Date "2020.07.09"]
[Round "3"]
[Time "15:04:48"]
[PlyCount "88"]
[White "EboueYuri"]
[Black "GrimaultLeane"]
[WhiteElo "1304"]
[BlackElo "1622"]
[Mode "WEB"]
[Result "1-0"]

1. e4 d5 2. exd5 Qxd5 3. Nc3 Qa5 4. d3 Nf6 5. Bd2 Bg4 6. Be2 Bxe2 7. Ngxe2 Nc6
8. Ne4 Qb6 9. Rb1 O-O-O 10. N2c3 h6 11. a3 e5 12. Be3 Nd4 13. O-O Ng4 14. Qxg4+
f5 15. Bxd4 exd4 16. Qxf5+ Kb8 17. Na4 Qc6 18. b3 Be7 19. Qf7 Bd6 20. Nxd6 Qxd6
21. Rfe1 Rhf8 22. Qe7 Qf4 23. f3 g5 24. Qe4 Qd6 25. b4 h5 26. Nc5 c6 27. Qe5 g4
28. fxg4 hxg4 29. Qxd6+ Rxd6 30. Re7 Kc8 31. Rbe1 b6 32. Na6 Rd7 33. R1e6 Kd8
34. Rxd7+ Kxd7 35. Re4 Kc8 36. Re7 Kd8 37. Rxa7 Re8 38. Ra8+ Kd7 39. Rxe8 Kxe8
40. a4 Kd7 41. b5 cxb5 42. axb5 Kd6 43. Kf2 Kd5 44. Kg3 {GrimaultLeane a abandonné} 1-0